| 000 | 00614nam a22001937a 4500 | ||
|---|---|---|---|
| 005 | 20250603103335.0 | ||
| 010 | _aENG-145145 | ||
| 020 |
_a9789392568954 _c750.00 |
||
| 035 | _aEN-128677 | ||
| 037 | _bDBAD | ||
| 082 | _a370.71 | ||
| 100 |
_aMittireeddy, Venkataramana _981563 |
||
| 245 |
_aProfessional Development of Elementary/ _bVenkataramana Mittireddy |
||
| 260 |
_aChhattisgarh _bAditi Publication |
||
| 270 |
_aOpp. New Panchajanya vidya Mandir, Near Tiranga Chowk _bRaipur _e492001 |
||
| 300 |
_a278 p. _c20 cm.(Pb) |
||
| 500 | _aTeacher Educators | ||
| 942 |
_2ddc _cEN _h370.71 _mMIT |
||
| 999 |
_c211520 _d211520 |
||